00562nam a2200181 a 45000010010000000030011000100080041000210350026000620820015000881000023001032450052001262600053001786500011002319420012002429520091002549980020003459990015003650000-8628ELIB.Books110520 2002  a(ELIB.Books)0000-8774 aB.Th bJeh aJehosheba Tun, Naw aThe Women who Anti-Jehovah Jezebel and Athaliah bInsein: Karen Baptist Theolgical Seminary c2002 aThesis 2ddccBK 00102ddc4070aKBTSbKBTSd2011-05-20l0p30102r2022-01-22 00:00:00w2022-01-22yBK cbate2011-05-20 c8628d8628